Statystyki dla Rozpoznaj grę po bohaterach

Kliknij tutaj aby rozwiązać quiz!

Ogólne statystyki

  • Ten quiz został rozwiązany 182 razy
  • Średni wynik to 7 z 24

Statystyki odpowiedzi

PostaćGra% Poprawnych
Geralt z RiviiWiedźmin
99%
Agent 47Hitman
63%
Carl JohnsonGTA San Andreas
61%
Steve/AlexMinecraft
55%
Niko BelićGTA IV
50%
Gordon FreemanHalf-Life
44%
AtreusGod of War
34%
Arthur MorganRed Dead Redemption 2
32%
Master ChiefHalo
30%
Kyle CraneDying Light
25%
WrzódGothic
25%
BowserMario
24%
Chris RedfieldResident Evil
19%
Elena FisherUncharted
19%
Deacon St. John.Days Gone
16%
ArtemMetro Exodus
14%
KoleśPostal
14%
KennyThe walking dead
10%
Norman JaydenHeavy Rain
7%
KaoKao the kangaroo
7%
Jacob FreyAssasin's Creed
6%
"Ghost"Call of Duty: Modern Warfare II
4%
Augustus ColeGears of War
2%
BobTekken
2%

Rozkład punktacji

Percentyl według liczby udzielonych odpowiedzi

Procent ludzi z każdym wynikiem

Twoja historia wyników

Nie rozwiązałeś tego quizu